Entre visillos
Kaydedildi:
| Yazar: | |
|---|---|
| Materyal Türü: | Kitap |
| Dil: | İspanyolca |
| Baskı/Yayın Bilgisi: |
Barcelona
Destino
1958
|
| Seri Bilgileri: | Ancora y Delfín, 147
|
| Konular: | |
| Etiketler: |
Etiketle
Etiket eklenmemiş, İlk siz ekleyin!
|
MARC
| LEADER | 00000nam a2200000 a 4500 | ||
|---|---|---|---|
| 001 | UCQ5672 | ||
| 003 | CL-VaPUC | ||
| 008 | 981002e19580000SP |||||||||||||||||spa|d | ||
| 082 | 0 | 4 | |a 863 |b MAR |2 21 |
| 100 | |a Martín Gaite, Carmen |e autora |9 419708 | ||
| 245 | 1 | 0 | |a Entre visillos |
| 300 | |a 256 p | ||
| 942 | |c BK | ||
| 945 | |d 19981002 00:00:00 |a crobeson | ||
| 260 | |a Barcelona |b Destino |c 1958 | ||
| 650 | 0 | |a Novelas españolas |9 265052 | |
| 650 | 0 | |a Literatura española |9 306261 | |
| 583 | |a last modification |c 19981002 00:00:00 |k Rodrigo Vera | ||
| 490 | 0 | |a Ancora y Delfín, 147 | |
| 999 | |c 275877 |d 275875 | ||
| 952 | |0 0 |1 0 |4 0 |6 863_000000000000000_MAR_1958 |7 0 |8 A |9 312735 |a BIBEDU |b BIBEDU |d 2019-11-20 |i 1475819 |o 863 MAR 1958 |p 1475819 |r 2019-11-20 |w 2019-11-20 |y BK |k LIT | ||